Govt. of
Madhya Pradesh

Towards Total Literacy And Education For all (Record no. 15624)

MARC details
000 -LEADER
fixed length control field 005030000a22001930004500
001 - CONTROL NUMBER
control field 003730
003 - CONTROL NUMBER IDENTIFIER
control field MACL
005 - DATE AND TIME OF LATEST TRANSACTION
control field 20150812132434.0
008 - FIXED-LENGTH DATA ELEMENTS--GENERAL INFORMATION
fixed length control field 150812b xxu||||| |||| 00| 0 eng d
040 ## - CATALOGING SOURCE
Original cataloging agency MACL
Transcribing agency MACL
041 ## - LANGUAGE CODE
Language code of text/sound track or separate title English
082 ## - DEWEY DECIMAL CLASSIFICATION NUMBER
Classification number 371/GUG
100 ## - MAIN ENTRY--PERSONAL NAME
Personal name Gugnani, Hans Raj
9 (RLIN) 4970
245 ## - TITLE STATEMENT
Title Towards Total Literacy And Education For all
Statement of responsibility, etc. Hans Raj Gugnani
260 ## - PUBLICATION, DISTRIBUTION, ETC. (IMPRINT)
Place of publication, distribution, etc. New Delhi
Date of publication, distribution, etc. 1997
Name of publisher, distributor, etc. Cosmo Publications,
350 ## - PRICE (NR) (BK AM CF MU VM SE) [OBSOLETE]
Price 595
650 ## - SUBJECT ADDED ENTRY--TOPICAL TERM
Topical term or geographic name as entry element Encyclopedia
9 (RLIN) 357
942 ## - ADDED ENTRY ELEMENTS (KOHA)
Call number prefix 371
Koha item type Books
Source of classification or shelving scheme
Holdings
Withdrawn status Lost status Source of classification or shelving scheme Damaged status Not for loan Home library Current library Date acquired Cost, normal purchase price Total Checkouts Full call number Barcode Date last seen Uniform Resource Identifier Price effective from Koha item type
          MACL MACL 15/04/2015 595.00   371/GUG CRE010805 02/05/2024 15525 15/04/2015 Books